[Event "23rd ETCC Open 2021"]
[Site "Catez"]
[Date "2021.11.19"]
[Round "7.18"]
[White "Ivic, Velimir"]
[Black "Berkes, Ferenc"]
[Result "0-1"]
[WhiteElo "2620"]
[BlackElo "2676"]
[Annotator "TA"]
[PlyCount "96"]
[EventDate "2021.11.08"]
[EventType "team-tourn"]
[EventCountry "SLO"]
[SourceTitle "playchess.com"]
[Source "ChessBase"]
[SourceQuality "1"]
[WhiteTeam "Serbia"]
[BlackTeam "Hungary"]
[WhiteTeamCountry "SRB"]
[BlackTeamCountry "HUN"]

{[%evp 18,96,6,14,4,0,22,12,27,15,13,2,23,29,43,20,24,25,27,16,17,-14,-29,-31,
-14,-14,-10,-18,-6,-14,0,0,4,-65,-13,-10,-17,-43,-24,-24,-17,-37,-30,-33,-46,
-49,-21,-25,0,-18,0,-18,-16,-14,0,-33,-5,-64,-19,-34,0,-181,-169,-375,-367,
-447,-432,-399,-190,-190,-183,-197,-189,-213,-197,-453,-449,-401,-380,-29981,
-29982]} 1. e4 e5 2. Nf3 Nc6 3. Bb5 a6 4. Ba4 Nf6 5. O-O Be7 6. d3 b5 7. Bb3 d6
8. c3 O-O 9. h3 Na5 10. Bc2 c5 {C55: Two Knights: 4 d3, 4 d4 exd4 5 e5 and Max
Lange Attack.} 11. d4 {is recently more successful than 11.Re1.} Qc7 12. d5 Nc4
{The position is equal.} 13. b3 Nb6 14. Be3 {[#]} Bd7 $146 ({Predecessor:} 
14... Re8 15. Nbd2 h6 16. Ne1 Rb8 17. Nd3 a5 18. c4 bxc4 19. bxc4 Bd7 20. Rb1
Rb7 {1-0 (37) Silva,C (1727)-Fonseca,C (1831) Foz do Iguacu 2012}) 15. Nfd2 g6
16. c4 b4 17. Nf3 Nh5 18. Nbd2 a5 19. Kh2 a4 20. Rc1 axb3 21. axb3 Ra3 22. Ng1
Qd8 23. Bh6 Ng7 24. f4 exf4 25. Ndf3 (25. Bxf4 $11 Nh5 26. Bh6) 25... Bf6 ({
Better is} 25... g5 $1 $15) 26. Bxf4 Qe7 27. Bh6 Bc8 28. Ne2 Nd7 {[%cal Bb6d7,
Bd7e5,Be5f3][%mdl 32]} 29. Nf4 Ne5 30. Nd3 Nxf3+ 31. Qxf3 ({Avoid the trap} 31.
gxf3 $2 Bc3 $19) 31... Bd4 32. Rce1 Bd7 33. Re2 f6 34. Kh1 Re8 35. g4 Ra2 36.
Qg2 Ra1 37. Bb1 (37. Rxa1 $11 Bxa1 38. Bf4) 37... Ra3 (37... f5 $5 38. gxf5
Bxf5 $1 $17 {[%mdl 64] Pin}) 38. Bc2 Ra1 {next ...Rxf1+ is good for Black.} 39.
Bc1 $2 {[#]} (39. Bb1 $11 {and White is okay.}) 39... f5 $1 $19 {[%cal Rf5g4]}
40. gxf5 {[#]} (40. Qg3 {was the only chance.}) 40... Nxf5 $1 {[%mdl 512]} 41.
Ree1 {[#]} (41. Rd1 Rxc1) 41... Rxc1 $1 {[%mdl 512]} 42. Nxc1 {[#]} Ne3 (42...
Qh4 $142 $1 {...Ng3+ is the strong threat.} 43. exf5 (43. Ne2 Ne3) 43... Rxe1
44. fxg6 hxg6 45. Bxg6 Kh8) 43. Rxe3 Bxe3 44. Ne2 Rf8 45. Rxf8+ Qxf8 46. Ng1 $2
(46. Kh2 {might work better.}) 46... Qh6 47. Bd1 Bxg1 48. Bg4 $2 (48. Kxg1 $19
Bxh3 49. Qf3) 48... Bd4 {Weighted Error Value: White=0.47/Black=0.16} ({And not
} 48... Bxg4 49. Qxg4 Qf8 50. Kxg1 $11) 0-1

[Event "23rd ETCC Open 2021"]
[Site "Catez"]
[Date "2021.11.19"]
[Round "7.19"]
[White "Gledura, Benjamin"]
[Black "Ivanisevic, Ivan"]
[Result "0-1"]
[WhiteElo "2635"]
[BlackElo "2604"]
[Annotator "TA"]
[PlyCount "56"]
[EventDate "2021.11.08"]
[EventType "team-tourn"]
[EventCountry "SLO"]
[SourceTitle "playchess.com"]
[Source "ChessBase"]
[SourceQuality "1"]
[WhiteTeam "Hungary"]
[BlackTeam "Serbia"]
[WhiteTeamCountry "HUN"]
[BlackTeamCountry "SRB"]

{[%evp 19,56,7,14,15,12,7,4,11,59,0,0,0,11,0,-9,-100,-92,-207,-197,-200,-208,
-208,-212,-322,-334,-629,-350,-343,-343,-392,-420,-425,-417,-660,-637,-728,
-600,-595,-436]} 1. d4 Nf6 2. c4 e6 3. Nc3 Bb4 4. e3 c5 5. Bd3 cxd4 6. exd4 d5
7. cxd5 Nxd5 8. Nge2 Nc6 9. O-O O-O 10. a3 Bd6 $1 {10...Bd6 scores better than
10...Be7.} 11. Re1 {E48: Nimzo-Indian: Rubinstein: 5 Bd3 d5 including 6 Ne2,
but excluding 6 a3.} Nxc3 $5 {[%mdl 4] Leaves trodden paths.} 12. bxc3 {[#]} e5
$5 $146 {[%mdl 8] An interesting novelty.} ({Predecessor:} 12... Qc7 13. Ng3
Ne7 14. Bd2 Ng6 15. Qh5 f5 16. c4 Nf4 17. Qf3 Nxd3 18. Qxd3 b6 {1/2-1/2 (49)
Hildebrand,G (2304)-Huzita,S (2180) ICCF email 2015}) 13. Ng3 {The position is
equal.} f5 14. Bb1 ({White should play} 14. dxe5 $1 $14 Nxe5 15. Bc2) 14... Kh8
15. Ra2 Bc7 16. Rd2 e4 $1 17. c4 {[#]} (17. Rb2 $11) 17... Ba5 $1 $17 18. Bb2 {
[#]} (18. d5 $17 Ne5 19. c5) 18... Ne5 $1 $19 {[%cal Re5c4,Bc6e5,Be5d3,Bd3e1]
[%mdl 544]} 19. Ba2 Bxd2 20. Qxd2 Nd3 21. Bc3 (21. Rb1 {might work better.})
21... Nxe1 22. d5 $2 (22. Qxe1 b6 23. d5) 22... Qh4 23. Qxe1 Bd7 24. Qa1 Qh6
25. c5 Rae8 26. Nh5 (26. d6 $142 e3 27. f4) 26... Rf7 {Black is clearly
winning.} ({Less strong is} 26... Qxh5 27. Bxg7+ Kg8 28. Bxf8 $17) 27. c6 bxc6
28. dxc6 Qxh5 {Weighted Error Value: White=0.72/Black=0.23} 0-1

[Event "23rd ETCC Open 2021"]
[Site "Catez"]
[Date "2021.11.19"]
[Round "7.20"]
[White "Perunovic, Milos"]
[Black "Kantor, Gergely"]
[Result "1-0"]
[WhiteElo "2541"]
[BlackElo "2566"]
[Annotator "ChessBase"]
[PlyCount "65"]
[EventDate "2021.11.08"]
[EventType "team-tourn"]
[EventCountry "SLO"]
[SourceTitle "playchess.com"]
[Source "ChessBase"]
[SourceQuality "1"]
[WhiteTeam "Serbia"]
[BlackTeam "Hungary"]
[WhiteTeamCountry "SRB"]
[BlackTeamCountry "HUN"]
[TimeControl "40/5400+30:1800+30"]

1. e4 e5 2. Nf3 Nc6 3. Bb5 a6 4. Ba4 Nf6 5. O-O Be7 6. d3 b5 7. Bb3 d6 8. a3
Na5 9. Ba2 c5 10. Nc3 Be6 11. Nh4 O-O 12. Nf5 Bxf5 13. exf5 d5 14. g4 b4 15.
Na4 h6 16. Kh1 Qe8 17. axb4 cxb4 18. Rg1 Qxa4 19. Bxh6 Nh7 20. g5 Qc6 21. f6
gxh6 22. fxe7 Rfe8 23. Qh5 hxg5 24. Rxg5+ Nxg5 25. Qxg5+ Kh7 26. Rg1 Qg6 27.
Qxe5 Nc6 28. Qf4 Qh6 29. Qxf7+ Kh8 30. Bxd5 Rac8 31. Rg6 Qc1+ 32. Kg2 Rxe7 33.
Rg8+ 1-0

[Event "23rd ETCC Open 2021"]
[Site "Catez"]
[Date "2021.11.19"]
[Round "7.21"]
[White "Duda, Jan-Krzysztof"]
[Black "Nisipeanu, Liviu-Dieter"]
[Result "1-0"]
[WhiteElo "2756"]
[BlackElo "2651"]
[Annotator "TA"]
[PlyCount "49"]
[EventDate "2021.11.08"]
[EventType "team-tourn"]
[EventCountry "SLO"]
[SourceTitle "playchess.com"]
[Source "ChessBase"]
[SourceQuality "1"]
[WhiteTeam "Poland"]
[BlackTeam "Germany"]
[WhiteTeamCountry "POL"]
[BlackTeamCountry "GER"]

{[%evp 16,49,29,35,67,60,68,68,55,56,75,62,55,60,66,70,56,69,66,58,92,43,244,
241,231,229,283,275,290,270,370,372,391,384,921,852]} 1. e4 c5 2. Nf3 e6 3. d4
cxd4 4. Nxd4 Nf6 5. Nc3 Nc6 6. Nxc6 bxc6 7. e5 Nd5 8. Ne4 Qc7 9. f4 Rb8 {
B45: Sicilian Four Knights.} 10. c4 Bb4+ 11. Ke2 $1 O-O $1 {White is slightly
better.} 12. a3 Be7 13. cxd5 cxd5 14. Nd6 f6 15. Nxc8 Rfxc8 16. exf6 Bxf6 17.
Rb1 {[#]} g5 $146 ({Predecessor:} 17... Qc4+ 18. Kf2 Bd4+ 19. Kf3 Rb3+ 20. Kg4
Qa4 21. Bd3 Bf6 22. g3 e5 23. Bf5 Rc5 {1-0 (38) Can,I (2380)-Tilicheev,V (2503)
Europe Echecs INT 2021}) 18. Qd3 (18. fxg5 $2 Qe5+ 19. Be3 Bxg5 $19) 18... Qxc1
$2 {This move loses the game for Black.} (18... gxf4 $14 19. g3 Qe5+ 20. Kd1
Bg5) 19. Rxc1 $18 Rxc1 {[#]} 20. Kf3 $1 Bxb2 {Threatens to win with ...Rc3.}
21. Kg4 ({And not} 21. fxg5 Rc3 $17) 21... gxf4 22. g3 ({Worse is} 22. Kxf4
Rf8+ 23. Kg4 Rc4+ 24. Kh5 Rf5+ 25. Qxf5 exf5 $17) 22... Kh8 23. Qd2 fxg3 24.
hxg3 Ra1 $2 {[#]} (24... a5 25. Qh2 (25. Qxa5 Be5 $18) 25... Rg8+ 26. Kf3 Rf8+
27. Ke3 d4+ 28. Kd2 Rf7) 25. Qc2 {[%csl Gh1][%cal Rc2h7] Weighted Error Value:
White=0.03/Black=0.41} 1-0

[Event "23rd ETCC Open 2021"]
[Site "Catez"]
[Date "2021.11.19"]
[Round "7.22"]
[White "Donchenko, Alexander"]
[Black "Wojtaszek, Radoslaw"]
[Result "1/2-1/2"]
[WhiteElo "2645"]
[BlackElo "2700"]
[Annotator "TA"]
[PlyCount "143"]
[EventDate "2021.11.08"]
[EventType "team-tourn"]
[EventCountry "SLO"]
[SourceTitle "playchess.com"]
[Source "ChessBase"]
[SourceQuality "1"]
[WhiteTeam "Germany"]
[BlackTeam "Poland"]
[WhiteTeamCountry "GER"]
[BlackTeamCountry "POL"]

{[%evp 11,143,8,0,0,0,0,2,0,25,0,0,0,16,0,0,-14,0,0,0,0,0,0,34,15,0,0,8,0,0,16,
25,16,29,31,17,29,19,13,28,22,51,25,27,33,43,43,76,77,74,73,74,80,102,70,84,81,
78,75,69,29,33,36,30,33,111,32,45,40,38,40,41,56,46,51,29,37,95,102,89,92,90,
100,104,117,119,107,100,8,8,8,8,8,8,8,8,8,8,8,8,8,140,140,165,161,163,165,165,
0,8,0,165,165,165,172,172,8,8,8,8,8,8,8,8,-8,-8,-8,-8,-8,-8,-8,-8,-8,0,0]} 1.
d4 Nf6 2. c4 e6 3. Nc3 Bb4 4. e3 O-O 5. Bd2 d5 6. a3 Be7 7. Nf3 {E46:
Nimzo-Indian: Rubinstein: 4 e3 0-0 5 Ne2 without early Bd3.} c5 8. dxc5 Bxc5 9.
Qc2 Nc6 10. Rd1 {[#]} Qe7 $146 ({Predecessor:} 10... a6 11. Be2 Qe7 12. O-O
dxc4 13. Bxc4 b5 14. Bd3 Bb7 15. b4 Bb6 16. Ne2 Rac8 {1/2-1/2 (23) Loktayev,V 
(1479)-Barrilete,P (1359) LSS email 2012}) 11. b4 Bd6 12. cxd5 exd5 13. Be2 Be6
14. Nb5 Bb8 15. Bc3 Ne4 16. Ba1 a6 {[#]} 17. Qb2 $1 {[%csl Ga1][%cal Rb2g7]} f6
18. Nbd4 Nxd4 19. Nxd4 Bf7 20. O-O Qc7 {[%csl Gb8][%cal Rc7h2]} 21. g3 Qd7 22.
Bf3 Be5 23. Qe2 Rfe8 24. Bb2 Nd6 25. Nb3 Qb5 26. Bxe5 Qxe2 27. Bxe2 fxe5 28.
Bf3 d4 29. Nc5 Ra7 30. exd4 e4 31. Bg4 h5 32. Bh3 b6 33. Nd7 Nc4 34. Rfe1 Nxa3
35. d5 Nc2 36. Re2 (36. Nxb6 $2 Nxe1 37. Rxe1 Rb8 $19) 36... Nxb4 37. d6 Rb7 (
37... Nd5 $1 $14) 38. f4 (38. Rc1 $1 $16) 38... Nd5 $1 $14 {[%cal Rd5c3]} 39.
Rc1 $36 {[%mdl 2048] White has some pressure.} Rd8 40. Ne5 Rxd6 41. Rc8+ ({
Don't play} 41. Rxe4 Ne7 $15) 41... Kh7 42. Bf5+ {[%mdl 64] Double Attack} ({
Much worse is} 42. Rxe4 Nf6 $11) 42... g6 $1 {[%cal Rg6f5]} 43. Bxe4 {
Threatens to win with Rd2.} Kg7 (43... Be6 $14 44. Bxg6+ {[%mdl 64] Double
Attack} Kg7) 44. Rd2 $16 Ne7 45. Rxd6 Nxc8 46. Rxg6+ ({Of course not} 46. Bxb7
Nxd6 47. Bxa6 Be6 $11) 46... Bxg6 47. Bxb7 {[%mdl 4096] Endgame KBN-KBN} Nd6
48. Bxa6 b5 49. Nxg6 (49. Kf2 $16) 49... Kxg6 {KB-KN} 50. Kf2 Kf5 51. Kf3 Ke6
$1 52. h3 Kd5 53. g4 hxg4+ 54. hxg4 Ke6 $1 55. Ke3 {Hoping for Kd4.} Kf6 (55...
Kd5 $1 $11 {keeps the balance.}) 56. Kd3 Ke7 57. Kc3 Kf6 {[#]} 58. Kd4 $1 Ke6
59. Ke3 $2 (59. Kc5 $18 Ne4+ 60. Kxb5) 59... Kf6 $11 60. Kd4 $2 (60. Ke2 $11
Ke6 61. Kf3) 60... Ke6 $1 $18 61. Kc5 Ne4+ 62. Kxb5 {Kc4 is the strong threat.}
Nf2 {[#]} 63. Bc8+ $2 (63. Kc6 $1 $18 {Strongly threatening Bc8+.} Nh3 64. f5+
Kf6 65. Be2) 63... Kf6 $11 {The position is equal.} 64. g5+ Kg6 65. Bd7 Ne4 66.
Be8+ Kf5 67. g6 Nd6+ {[%mdl 64] Double Attack} 68. Kc6 Nxe8 69. g7 Nxg7 70. Kd5
Ne6 71. Kd6 Kxf4 72. Kxe6 {Weighted Error Value: White=0.13/Black=0.10} 1/2-1/2

[Event "23rd ETCC Open 2021"]
[Site "Catez"]
[Date "2021.11.19"]
[Round "7.23"]
[White "Piorun, Kacper"]
[Black "Keymer, Vincent"]
[Result "1/2-1/2"]
[WhiteElo "2634"]
[BlackElo "2639"]
[Annotator "TA"]
[PlyCount "100"]
[EventDate "2021.11.08"]
[EventType "team-tourn"]
[EventCountry "SLO"]
[SourceTitle "playchess.com"]
[Source "ChessBase"]
[SourceQuality "1"]
[WhiteTeam "Poland"]
[BlackTeam "Germany"]
[WhiteTeamCountry "POL"]
[BlackTeamCountry "GER"]

{[%evp 12,100,24,-9,0,-6,-20,-11,-12,-9,4,-22,10,0,50,50,54,11,47,36,73,37,34,
50,44,34,43,33,83,81,72,79,78,84,67,73,68,66,69,68,66,80,73,79,100,93,69,104,
91,92,106,113,115,114,103,91,79,79,105,131,112,22,29,18,44,0,0,0,0,0,0,0,0,0,0,
0,0,0,0,0,0,0,0,0,0,0,0,0,0,0,0]} 1. e4 c6 2. d4 d5 3. Nc3 dxe4 4. Nxe4 Bf5 5.
Ng3 Bg6 6. h4 h6 7. f4 Nf6 {B18: Classical Caro-Kann: 4...Bf5 sidelines.} 8. h5
Bh7 9. Nf3 e6 10. Bd3 Bxd3 11. Qxd3 Be7 12. Bd2 c5 {[#]} 13. f5 $146 {[%cal
Rf5e6] Black must now prevent fxe6.} ({Predecessor:} 13. O-O-O Nc6 14. f5 Nxd4
15. Nxd4 Qxd4 16. fxe6 Qxd3 17. exf7+ Kxf7 18. cxd3 Rad8 19. Bc3 {0-1 (48)
Semenova,E (2212)-Luo,T (2124) chess.com INT 2021}) 13... Qc7 14. Ne4 Nc6 15.
fxe6 ({Much weaker is} 15. dxc5 Rd8 $15) ({Don't play} 15. Nxc5 Bxc5 16. dxc5
e5 $15) 15... fxe6 16. Nxc5 Qg3+ {[%mdl 64] Double Attack} 17. Kf1 Bxc5 18.
dxc5 O-O {And now ...Ng4 would win.} 19. Rh3 Qc7 20. Qc4 Qf7 21. Re1 Rae8 22.
b4 a6 23. a4 e5 24. Qxf7+ Rxf7 25. b5 axb5 26. axb5 Na7 27. c4 ({Weaker is} 27.
Nxe5 Rxe5 $1 {[%mdl 512]} 28. Rxe5 Ng4+ 29. Ke2 Nxe5 $17) 27... e4 28. Nd4 Nd7+
29. Kg1 Nxc5 {[#]} 30. Bb4 $1 {[%cal Rb4c5]} b6 31. Ra3 Nc8 32. Bxc5 bxc5 {[#]}
33. Nc2 Nb6 34. Ne3 Rd7 35. Ra6 Rb8 36. Nf5 (36. Re2 $16) 36... Nxc4 $11 37.
Rxe4 Nd2 38. Rg4 Rxb5 {The position is equal.} 39. Rag6 {[%cal Rf5g7]} Rbb7 40.
Nxh6+ Kh7 41. Nf5 Rf7 42. Nd6 Rf1+ 43. Kh2 Re7 44. R6g5 c4 45. Nxc4 Ne4 46. Re5
(46. Ra5 {feels hotter.} Nf6 47. Rh4 Ree1 48. Re5 Rh1+ 49. Kg3) 46... Rxe5 47.
Nxe5 Nf6 48. Rg5 Ne4 49. Rg4 Nf6 {Threatens to win with ...Rf5.} 50. Rg5 Ne4 {
Weighted Error Value: White=0.08/Black=0.07} 1/2-1/2

[Event "23rd ETCC Open 2021"]
[Site "Catez"]
[Date "2021.11.19"]
[Round "7.24"]
[White "Bluebaum, Matthias"]
[Black "Moranda, Wojciech"]
[Result "0-1"]
[WhiteElo "2647"]
[BlackElo "2623"]
[Annotator "TA"]
[PlyCount "88"]
[EventDate "2021.11.08"]
[EventType "team-tourn"]
[EventCountry "SLO"]
[SourceTitle "playchess.com"]
[Source "ChessBase"]
[SourceQuality "1"]
[WhiteTeam "Germany"]
[BlackTeam "Poland"]
[WhiteTeamCountry "GER"]
[BlackTeamCountry "POL"]

{[%evp 9,88,0,23,0,13,0,11,6,7,8,9,22,20,11,17,6,20,13,20,18,18,18,22,0,4,-8,
-8,-16,-16,-15,-12,-26,-21,-15,-21,-60,-57,-62,-59,-60,-32,-34,-43,-37,-16,-83,
-95,-108,-102,-102,-107,-117,-125,-160,-157,-172,-179,-350,-364,-367,-189,-196,
-260,-194,-166,-316,-315,-549,-549,-1221,-1202,-1661,-1606,-1628,-1744,-1629,
-1491,-3360,-2391,-1807,-1341]} 1. Nf3 d5 2. e3 Nf6 3. c4 e6 4. Nc3 c5 5. cxd5
Nxd5 6. Qc2 {A17: English Opening: 1...Nf6 with ...Bb4.} Be7 7. b3 Nxc3 8. dxc3
{The position is equal.} Nd7 9. Bd3 h6 10. Bb2 Qc7 {[#]} 11. Rd1 $146 ({
Predecessor:} 11. O-O-O b6 12. Bc4 O-O 13. h4 Bb7 14. Ng5 Nf6 15. Bd3 Rfd8 16.
c4 e5 17. f3 {1-0 (30) Ganguly,S (2622)-Wagner,D (2572) Douglas 2018}) 11... b6
12. Be4 Bb7 13. c4 {And now Bxb7 would win.} O-O 14. O-O Rad8 15. Bxb7 Qxb7 16.
e4 Nb8 {[%cal Bd7b8,Bb8c6,Bc6b4,Bb4d5][%mdl 32]} 17. e5 Nc6 18. Bc3 b5 19. cxb5
Qxb5 20. Qe4 Qa6 21. h4 Nb4 22. a4 Nd5 23. Bd2 Rb8 24. Rb1 Rb7 25. Qg4 {
Hoping for Bxh6.} Kh8 26. Qc4 $1 {[%cal Rc4a6]} Rb6 27. a5 (27. Rfc1 $11 {
keeps the balance.}) 27... Rb5 $17 {White is on the road to losing.} 28. Qc1
Kh7 29. Qc2+ Kg8 30. Rfe1 Rfb8 31. Re4 Qb7 32. a6 Qb6 33. Bxh6 $2 (33. Rg4 h5
34. Ra4) 33... gxh6 $19 34. Rg4+ Kf8 (34... Kh8 $142 {[%cal Rb5b3]} 35. Nd2 Rb4
) 35. Qh7 {[%cal Rh7h8]} Ke8 36. Nd2 Qxa6 {Threatens to win with ...Qa2.} 37.
Nc4 {[#]} (37. Rg7 $142) 37... Kd7 $1 ({Less strong is} 37... Rxb3 38. Rg8+ Kd7
39. Rxb8 $17) 38. Rd1 $2 (38. Qc2) 38... Rxb3 {Black is clearly winning.} 39.
Ne3 {[#]} Rxe3 40. fxe3 (40. Qxf7 Rxe5) 40... Qe2 {[%mdl 64] Double Attack} 41.
Rxd5+ exd5 42. Qf5+ Kc7 43. e4 Rb1+ 44. Kh2 Rf1 {Weighted Error Value: White=0.
54/Black=0.21} 0-1

[Event "23rd ETCC Open 2021"]
[Site "Catez"]
[Date "2021.11.19"]
[Round "7.25"]
[White "Adams, Michael"]
[Black "Deac, Bogdan-Daniel"]
[Result "0-1"]
[WhiteElo "2714"]
[BlackElo "2651"]
[Annotator "TA"]
[PlyCount "80"]
[EventDate "2021.11.08"]
[EventType "team-tourn"]
[EventCountry "SLO"]
[SourceTitle "playchess.com"]
[Source "ChessBase"]
[SourceQuality "1"]
[WhiteTeam "England"]
[BlackTeam "Romania"]
[WhiteTeamCountry "ENG"]
[BlackTeamCountry "ROU"]

{[%evp 11,79,16,25,12,23,19,16,11,25,24,12,12,22,10,29,28,64,64,56,37,37,37,47,
23,48,38,83,93,79,0,8,-23,0,30,23,25,66,41,74,-40,0,0,35,57,64,58,108,71,68,81,
65,-37,-29,-391,-386,-646,-641,-610,-646,-645,-634,-566,-582,-678,-676,-1013,
-990,-5497,-5285,-29999]} 1. e4 c5 2. Nf3 d6 3. d4 cxd4 4. Nxd4 Nf6 5. Nc3 a6
6. Bd3 g6 7. f3 {B90: Sicilian Najdorf: Unusual White 6th moves, 6 Be3 Ng4 and
6 Be3 e5.} Qb6 {[#]} 8. a3 $1 Nc6 {[#]} (8... Qxd4 $2 9. Bb5+ $1 {[%mdl 512]}
axb5 10. Qxd4 $18) (8... e5 9. Nb3) 9. Be3 {The position is equal.} e5 {[#]} ({
Much weaker is} 9... Nxd4 $6 10. Bxd4 Qa5 11. b4 $16) ({But not} 9... Qxb2 $2
10. Na4 $18) 10. Nf5 Qd8 ({Wrong is} 10... Qxb2 $2 11. Na4 $18) 11. Ng3 Be6 12.
Qd2 h5 13. O-O-O {[#]} Be7 $146 ({Predecessor:} 13... Rc8 14. Kb1 Bg7 15. Bf1
Qa5 16. Qxd6 Bf8 17. Qd2 Bxa3 18. Nd5 Bb4 19. c3 Be7 {1-0 (28) Swiercz,D (2667)
-Gabuzyan,H (2613) Chicago 2019}) 14. Kb1 Rc8 15. Nge2 b5 16. Nd5 Bxd5 17. exd5
Na5 18. Nc3 Nc4 19. Bxc4 Rxc4 {[#]} 20. b3 (20. f4 $1 $16 {[%cal Rf4e5]}) 20...
Rc8 $11 21. Rhg1 Qa5 ({Better is} 21... Qc7 22. Kb2 Nd7) 22. Kb2 Nd7 23. a4 b4
24. Na2 Rb8 25. Qe1 (25. g4 $16) 25... Nf6 26. Qd2 Bd8 27. Rge1 O-O 28. Kb1 Nd7
29. g4 hxg4 30. fxg4 Nc5 31. Bf2 (31. Bh6 $14 Re8 32. Nc1) 31... Nxa4 32. Re3 {
[%mdl 8192] [#] Loses the game.} (32. bxa4 $11 {and White has nothing to worry.
} b3 33. cxb3 Rxb3+ 34. Ka1) 32... Bg5 $1 $19 {[%mdl 64] Skewer} 33. bxa4 $2 (
33. Qe2 Bxe3 34. Qxe3) 33... Qxa4 34. Nc1 Rfc8 35. Rde1 Rc3 {[%mdl 64] Pin} 36.
Nb3 Bxe3 37. Rxe3 Rbc8 38. Na1 R8c5 {( -> ...Ra5!)} 39. Qc1 b3 {[%csl Gb3]
[%cal Ra4a2][%mdl 64] Discovered Attack} 40. Rxc3 Qa2# {Weighted Error Value:
White=0.88/Black=0.09} (40... Rxc3 $2 41. Nxb3 Qxg4 42. Qd2 $17) 0-1

[Event "23rd ETCC Open 2021"]
[Site "Catez"]
[Date "2021.11.19"]
[Round "7.26"]
[White "Lupulescu, Constantin"]
[Black "McShane, Luke J"]
[Result "1/2-1/2"]
[WhiteElo "2624"]
[BlackElo "2667"]
[Annotator "TA"]
[PlyCount "124"]
[EventDate "2021.11.08"]
[EventType "team-tourn"]
[EventCountry "SLO"]
[SourceTitle "playchess.com"]
[Source "ChessBase"]
[SourceQuality "1"]
[WhiteTeam "Romania"]
[BlackTeam "England"]
[WhiteTeamCountry "ROU"]
[BlackTeamCountry "ENG"]

{[%evp 9,124,8,4,0,14,11,7,8,14,9,17,12,18,9,14,16,16,10,14,16,14,0,24,26,27,
21,24,22,23,21,27,25,22,22,37,-8,0,0,21,18,18,16,19,14,22,7,43,45,37,44,54,46,
52,28,80,77,83,69,89,74,72,79,94,75,83,80,78,74,105,106,127,114,164,172,169,
180,247,193,232,175,220,202,182,196,191,181,220,220,220,220,337,268,310,279,
278,295,279,107,98,90,106,91,91,91,104,91,91,91,100,67,67,67,70,28,28,24,25]} 
1. c4 Nf6 2. Nc3 e5 3. Nf3 Nc6 4. e4 Bb4 5. d3 d6 6. a3 {A28: English Opening:
Four Knights Variation.} Bc5 {With the idea ...Ng4.} 7. b4 Bb6 8. Be3 {The
position is equal.} O-O 9. Be2 Bg4 10. O-O Bxf3 11. Bxf3 Nd4 12. Na4 {[#]} Qd7
$146 ({Predecessor:} 12... Nxf3+ 13. Qxf3 Nd7 14. c5 dxc5 15. bxc5 Ba5 16. Rab1
Rb8 17. d4 exd4 18. Bxd4 c6 {0-1 (53) Leitao,R (2592)-Ibrahimli,M (2424) Chess.
com INT 2021}) 13. Nxb6 Nxf3+ 14. Qxf3 axb6 15. h3 Qe6 16. a4 Nd7 17. Ra3 Rfb8
18. Rfa1 Nf8 19. Qe2 Qd7 20. d4 exd4 21. Bxd4 Ng6 22. Rg3 Qe7 23. a5 bxa5 24.
bxa5 Re8 25. Qb2 f6 $1 ({Much worse is} 25... Qxe4 $6 26. Bxg7 Qe2 27. Qc3 $16)
26. Re3 Reb8 27. Qc2 Qd7 28. Rb3 Qc6 29. Rb5 Nf4 30. Be3 Ne6 31. Rab1 Kh8 (
31... Ra6 $11 {remains equal.}) 32. f3 $16 h6 33. Kh2 Nd8 34. Qc3 Nf7 35. Bd4 {
And now Bxf6! would win.} Kg8 36. Qb3 Nd8 37. c5+ Kh8 38. Kh1 Rc8 39. cxd6 Qxd6
40. Rd5 Qe7 {[#]} 41. e5 $1 {[%cal Re5f6] aiming for exf6.} f5 42. Bc3 Ra6 (
42... Ne6 $142 43. Qxb7 Qe8) 43. Rbd1 Qe8 44. Qb1 f4 45. Qb4 Ne6 46. Qxb7 Rc6 {
Threatens to win with ...Rb8.} 47. Qb2 Qg6 48. Rc1 Ra8 49. Be1 Raa6 (49... Rca6
{keeps fighting.} 50. Qe2 Qe8) 50. Rdd1 Kh7 51. Rxc6 Rxc6 52. Rc1 Ra6 53. Qb1 (
53. Qc3 $18 {is more deadly.}) 53... Qxb1 54. Rxb1 {[%mdl 4096] Endgame KRB-KRN
} Kg6 55. Kg1 Kf5 56. Bc3 Rc6 57. Rb3 Nc5 {[#]} 58. Ra3 Ra6 59. Kf1 Ke6 60. Ra1
Kd5 61. Rd1+ Kc4 62. Bd2 g5 {Weighted Error Value: White=0.12/Black=0.10}
1/2-1/2